| Tag |
First Indicator |
Second Indicator |
Subfields |
| LEADER |
00000cam a2200000Ma 4500 |
| 001 |
in00003965564 |
| 006 |
m o d |
| 007 |
cr cnu---unuuu |
| 008 |
171118s2018 si o 000 0 eng d |
| 005 |
20250816213019.1 |
| 020 |
|
|
|a 9789811059278
|q electronic book
|
| 020 |
|
|
|a 9811059276
|q electronic book
|
| 020 |
|
|
|z 9789811059261
|
| 024 |
8 |
|
|a 99974839966
|
| 035 |
|
|
|a (NhCcYBP)ebc5145467
|
| 040 |
|
|
|a NhCcYBP
|c NhCcYBP
|d UtOrBLW
|
| 043 |
|
|
|a az-----
|
| 050 |
|
4 |
|a HD860.3095
|b .E96 2018
|
| 072 |
|
7 |
|a SCI
|x 030000
|2 bisacsh
|
| 072 |
|
7 |
|a TRV
|x 033000
|2 bisacsh
|
| 072 |
|
7 |
|a TRV
|x 034000
|2 bisacsh
|
| 072 |
|
7 |
|a TRV
|x 016000
|2 bisacsh
|
| 072 |
|
7 |
|a TRV
|x 018000
|2 bisacsh
|
| 082 |
0 |
4 |
|a 333.73/13
|2 23
|
| 082 |
0 |
4 |
|a 910
|
| 245 |
0 |
0 |
|a Exploring sustainable land use in monsoon Asia /
|c Yukio Himiyama, editor.
|
| 264 |
|
1 |
|a Singapore :
|b Springer,
|c [2018]
|
| 264 |
|
4 |
|c ©2018
|
| 300 |
|
|
|a 1 online resource.
|
| 336 |
|
|
|a text
|b txt
|2 rdacontent
|
| 337 |
|
|
|a computer
|b c
|2 rdamedia
|
| 338 |
|
|
|a online resource
|b cr
|2 rdacarrier
|
| 490 |
1 |
|
|a Springer Geography
|
| 588 |
|
|
|a Description based on online resource; title from digital title page (viewed on January 02, 2018).
|
| 500 |
|
|
|a Electronic resource.
|
| 650 |
|
0 |
|a Land use
|z South Asia.
|
| 650 |
|
0 |
|a Land use
|x Environmental aspects
|z South Asia.
|
| 650 |
|
0 |
|a Natural resources
|z South Asia
|x Management.
|
| 655 |
|
7 |
|a Electronic books.
|2 local
|
| 700 |
1 |
|
|a Himiyama, Yukio,
|d 1949-
|0 http://id.loc.gov/authorities/names/nr92039793
|
| 710 |
2 |
|
|a ProQuest (Firm)
|0 http://id.loc.gov/authorities/names/n2007068018
|
| 776 |
1 |
8 |
|i Print version:
|a Himiyama, Yukio
|t Exploring Sustainable Land Use in Monsoon Asia
|d Singapore : Springer Singapore,c2017
|z 9789811059261
|
| 830 |
|
0 |
|a Springer geography.
|0 http://id.loc.gov/authorities/names/no2012035970
|
| 856 |
4 |
0 |
|u https://ebookcentral.proquest.com/lib/tamucs/detail.action?docID=5145467
|y Connect to the full text of this electronic book
|t 0
|
| 955 |
|
|
|a YBP purchased firm e-records
|
| 980 |
|
|
|b 258.00
|g 1
|
| 987 |
|
|
|a ybp14983605
|
| 999 |
f |
f |
|s bf21cab9-0a58-3e1e-90ae-7a94c65fa635
|i ca048f3f-fc20-39c9-8f57-fe90b3cd044c
|t 0
|
| 952 |
f |
f |
|a Texas A&M University
|b College Station
|c Electronic Resources
|d Available Online
|t 0
|e HD860.3095 .E96 2018
|h Library of Congress classification
|
| 998 |
f |
f |
|a HD860.3095 .E96 2018
|t 0
|l Available Online
|